| 000 | 00602nam a2200205 i 4500 | ||
|---|---|---|---|
| 001 | 80539 | ||
| 003 | ES-MaACL | ||
| 005 | 20231228062556.0 | ||
| 007 | t| | ||
| 008 | 041028s1982 sp ||||1| spa d | ||
| 020 | _a84-390-0161-4 | ||
| 245 | 0 | 0 |
_aHomenaje a Unamuno / _cDámaso Alonso ... [et al.]. |
| 260 |
_a[Madrid : _bCupsa, _c1982] |
||
| 300 |
_a51 p. ; _c24 cm. |
||
| 600 | 1 | 4 |
_aUnamuno, Miguel de, _d1864-1936- _vHomenajes _9172371 |
| 700 | 1 |
_aUnamuno, Miguel de, _d1864-1936 _9111982 |
|
| 700 | 1 |
_aAlonso, Dámaso, _d1898-1990 _920195 |
|
| 852 |
_aES-MaACL _j2121-F-17 |
||
| 999 |
_c80539 _d80539 |
||